000 00846nam a2200205Ii 4500
003 JO-AjNU
008 230605s9999||||xx |||||||||||||| ||und||
040 _aJO-AjNU
_bara
_erda
_cJO-AjNU
041 _aara
050 1 4 _aHD30.28 2018
100 3 _aالحسناوي، صالح مهدي محمد، اكرم محسن الياسري ,
_eauthor
_957967
245 0 0 _aمفاهيم معاصرة في الادارة الاستراتيجية وتظرية المنظمة: ( المعرفة الالكترونية، المنظمات الريادية)، ج3
250 _aط1
264 3 1 _aعمان: دار صفاء للنشر والتوزيع، 2018
300 _aج3: 176ص
336 _atext
_btxt
_2rdacontent
337 _aunmediated
_bn
_2rdamedia
338 _avolume
_bnc
_2rdacarrier
650 4 _aالادارة الاستراتيجية
_957968
999 _aA26007
_c29575
_d29575